000 00495nam a2200157 4500
001 138332
003 ES-MaACL
005 20230906195539.0
007 t|
008 070214s1932 sp r ||||1| ger d
100 1 _aSanchís Perpiñá, Vicente.
_9103019
245 1 0 _aUnsure operationsmethoden bei peno-balanischer und peno-skrotaler hypospadie /
_cvon V. Sanchís Perpiñá.
260 _a[S. l. :
_bs. n.],
_c1932.
300 _a4 h. :
_bil. ;
_c24 x 17 cm.
852 _aES-MaACL
_j1783-F-16
999 _c138332
_d138332